Olympique Lyonnais Squad 2017-2018 - Statistics

General Stats
  • This quiz has been taken 249 times
  • The average score is 15 of 25
Answer Stats
Nbr Post Nationality Player % Correct
1 GK Portugal Anthony Lopes
98%
11 FW Netherlands Memphis Depay
97%
10 FW Burkina Faso Bertrand Traoré
95%
18 FW France Nabil Fekir
91%
6 DF Brazil Marcelo
87%
9 FW Spain Mariano Diaz
81%
8 MF France Houssem Aouar
79%
4 DF Brazil Rafael
78%
- Coach France Bruno Genesio
75%
23 DF Netherlands Kenny Tete
73%
20 DF Brazil Fernando Marçal
67%
29 MF France Lucas Tousart
64%
30 GK France Mathieu Gorgelin
64%
27 FW France Maxwel Cornet
63%
2 DF France Mapou Yanga-Mbiwa
57%
22 DF France Ferland Mendy
56%
15 DF France Jérémy Morel
55%
12 MF France Jordan Ferri
55%
7 MF France Clément Grenier
43%
5 DF France Mouctar Diakhaby
43%
25 MF Luxembourg Christopher Martins Pereira
41%
19 FW France Amine Gouiri
32%
24 MF France Diop Pape Cheikh
28%
16 GK France Lucas Mocio
19%
17 FW France Myziane
9%
No matching quizzes found
Score Distribution
Percent of People with Each Score
Percentile by Number Answered
Your Score History
You have not taken this quiz